The Cambridge history of political thought, 1450-1700 / (Record no. 18972)
[ view plain ]
| 000 -LEADER | |
|---|---|
| fixed length control field | 02566nam a22002655a 4500 |
| 005 - DATE AND TIME OF LATEST TRANSACTION | |
| control field | 20181016141039.0 |
| 008 - FIXED-LENGTH DATA ELEMENTS--GENERAL INFORMATION | |
| fixed length control field | 150212t2008 enk frb f001 0 eng d |
| 020 ## - INTERNATIONAL STANDARD BOOK NUMBER | |
| International Standard Book Number | 9780521477727 |
| 040 ## - CATALOGING SOURCE | |
| Original cataloging agency | EG-ScBUE |
| Language of cataloging | eng |
| Transcribing agency | EG-ScBUE |
| Modifying agency | EG-ScBUE |
| 082 04 - DEWEY DECIMAL CLASSIFICATION NUMBER | |
| Classification number | 320.09 |
| Item number | CAM |
| Edition number | 22 |
| 245 04 - TITLE STATEMENT | |
| Title | The Cambridge history of political thought, 1450-1700 / |
| Statement of responsibility, etc | edited by J. H. Burns, with the assistance of Mark Goldie. |
| 246 30 - VARYING FORM OF TITLE | |
| Title proper/short title | History of political thought, 1450-1700 |
| 250 ## - EDITION STATEMENT | |
| Edition statement | 1st ed., 4th printing. |
| 260 ## - PUBLICATION, DISTRIBUTION, ETC. (IMPRINT) | |
| Place of publication, distribution, etc | Cambridge : |
| Name of publisher, distributor, etc | Cambridge University Press, |
| Date of publication, distribution, etc | c.2008. |
| 300 ## - PHYSICAL DESCRIPTION | |
| Extent | xii, 798 p. ; |
| Dimensions | 24 cm. |
| 504 ## - BIBLIOGRAPHY, ETC. NOTE | |
| Bibliography, etc | Includes bibliographical references and index. |
| 505 0# - FORMATTED CONTENTS NOTE | |
| Formatted contents note | I. Renaissance and Counter-Renaissance -- Humanism and political theory / Anthony Grafton -- Italian political thought, 1450-1530 / Nicolai Rubinstein -- Law / Donald R. Kelley --<br/>Transalpine humanism / Brendan Bradshaw -- Scholasticism : survival and revival / J.H. Burns -- II. Religion, civil government, and the debate on constitutions --Christian obedience and authority, 1520-1550 / Francis Oakley -- Calvinism and resistance theory, 1550-1580 / Robert M. Kingdon -- Catholic resistance theory, Ultramontanism, and the royalist response, 1580-1620 / J.H.M. Salmon -- Constitutionalism / Howell A. Lloyd -- Sovereignty and the mixed constitution : Bodin and his critics / Julian H. Franklin --<br/>Utopianism / J.C. Davis -- III. Absolutism and revolution in the seventeenth century -- Absolutism and royalism / J.P. Sommerville -- England : ancient constitution and common law / Corinne C. Weston -- Leveller democracy and the Puritan Revolution / David Wootton -- English republicanism / Blair Worden -- IV. The end of Aristotelianism -- Tacitism, scepticism, and reason of state / Peter Burke -- Grotius and Selden / Richard Tuck -- Hobbes and Spinoza / Noel Malcolm -- V. Natural law and utility -- Pufendorf / Alfred Dufour --<br/>The reception of Hobbes / Mark Goldie -- Locke / James Tully -- Conclusion / J.H. Burns. |
| 520 ## - SUMMARY, ETC. | |
| Summary, etc | This 1992 book presents a comprehensive scholarly account, written by a highly distinguished team of contributors, of the development of European political thinking through the Renaissance and the reformation to the 'scientific revolution' and political upheavals of the seventeenth century. |
| 650 #7 - SUBJECT ADDED ENTRY--TOPICAL TERM | |
| Topical term or geographic name as entry element | Political science |
| General subdivision | History. |
| Source of heading or term | BUEsh |
| 9 (RLIN) | 9516 |
| 651 ## - SUBJECT ADDED ENTRY--GEOGRAPHIC NAME | |
| Source of heading or term | BUEsh |
| 653 ## - INDEX TERM--UNCONTROLLED | |
| Resource For college | BAEPS, Political Science |
| Arrived date list | February2015 |
| -- | October2018 |
| 700 1# - ADDED ENTRY--PERSONAL NAME | |
| Personal name | Burns, J. H., |
| Fuller form of name | (James Henderson) |
| Relator term | editor. |
| 9 (RLIN) | 37398 |
| 700 1# - ADDED ENTRY--PERSONAL NAME | |
| Personal name | Goldie, Mark, |
| Relator term | editor. |
| 9 (RLIN) | 37399 |
| 942 ## - ADDED ENTRY ELEMENTS (KOHA) | |
| Source of classification or shelving scheme | Dewey Decimal Classification |
| Call number prefix | 320.09 CAM |
| Withdrawn status | Item status | Source of classification or shelving scheme | Damaged status | Not for loan | Vendor | Home library | Current library | Shelving location | Date acquired | Source of acquisition | Cost, normal purchase price | Serial Enumeration / chronology | Total Checkouts | Full call number | Barcode | Date last seen | Cost, replacement price | Koha item type |
|---|---|---|---|---|---|---|---|---|---|---|---|---|---|---|---|---|---|---|
| Dewey Decimal Classification | Baccah | Central Library | Central Library | First floor | 12/02/2015 | Purchase | 472.00 | 21201 | 320.09 CAM | 000037401 | 15/07/2025 | 590.00 | Book - Borrowing |